[Event "GER-chT U20"]
[Site "Magdeburg"]
[Date "2023.12.30"]
[Round "7.5"]
[White "Poggemann, Alexander"]
[Black "Meyer, Emil"]
[Result "1/2-1/2"]
[WhiteElo "1750"]
[BlackElo "1919"]
[PlyCount "55"]
[EventDate "2023.12.26"]
[EventType "team-swiss"]
[EventRounds "7"]
[EventCountry "GER"]
[SourceTitle "CBM 218 Extra"]
[Source "ChessBase"]
[SourceDate "2024.03.31"]
[SourceVersion "1"]
[SourceVersionDate "2024.03.31"]
[SourceQuality "1"]
[WhiteTeam "Hemer"]
[BlackTeam "Muenster 32"]
[WhiteTeamCountry "GER"]
[BlackTeamCountry "GER"]

1. d4 d5 2. Nf3 Nf6 3. e3 c5 4. dxc5 e6 5. b4 a5 6. c3 axb4 7. cxb4 b6 8. Bb5+ Bd7 9. Bxd7+ Nfxd7 10. a4 Na6 11. Bd2 bxc5 12. b5 Nb4 13. Bxb4 cxb4 14. 0-0 Bc5 15. Nbd2 0-0 16. Nb3 Qb6 17. Qe2 Rfb8 18. Rfc1 f6 19. Nxc5 Nxc5 20. Nd4 Rxa4 21. Rxa4 Nxa4 22. Rc6 Nc3 23. Qg4 Qb7 24. Qxe6+ Kh8 25. b6 Qa6 26. g3 Ne4 27. Qxd5 Nd2 28. Qb5 1/2-1/2

[Event "GER-chT U20"]
[Site "Muenster"]
[Date "2022.12.28"]
[Round "3"]
[White "Meyer, Emil"]
[Black "Hofmann, Benjamin1"]
[Result "1-0"]
[WhiteElo "1668"]
[BlackElo "1772"]
[PlyCount "107"]
[EventDate "2022.12.26"]
[EventType "team-swiss"]
[EventRounds "7"]
[EventCountry "GER"]
[SourceTitle "CBM 212 Extra"]
[Source "ChessBase"]
[SourceDate "2023.03.31"]
[SourceVersion "1"]
[SourceVersionDate "2023.03.31"]
[SourceQuality "1"]
[WhiteTeam "Muenster"]
[BlackTeam "Bochum SG"]
[WhiteTeamCountry "GER"]
[BlackTeamCountry "GER"]

1. e4 e5 2. Nf3 Nc6 3. d4 exd4 4. Nxd4 Bc5 5. Be3 Qf6 6. c3 Nge7 7. Bc4 Bb6 8. 0-0 Ne5 9. Be2 d6 10. f4 N5g6 11. Na3 Nc6 12. Nac2 Bd7 13. Nb5 Rc8 14. Bxb6 axb6 15. Ne3 Nce7 16. Ng4 Qh4 17. g3 Qh3 18. Nf2 Qh6 19. Kg2 Nxf4+ 20. gxf4 Qxf4 21. Qc1 Qh4 22. Nd4 Ng6 23. Nf3 Nf4+ 24. Kh1 Nxe2 25. Nxh4 Nxc1 26. Raxc1 0-0 27. Rfe1 Rfe8 28. Nf5 g6 29. Ne3 Bc6 30. Nd5 Kg7 31. c4 Re5 32. Nd3 Rh5 33. Re3 b5 34. cxb5 Bxd5 35. exd5 Rxd5 36. a4 c5 37. b3 Rd4 38. Rc4 d5 39. Rxd4 cxd4 40. Rf3 Rc3 41. Ne5 Rc1+ 42. Kg2 f6 43. Nd3 Rc3 44. Nf4 Rc2+ 45. Kg3 Kf7 46. Nxd5 Ke6 47. Nxf6 d3 48. Ne4 Ke5 49. Nf2 d2 50. Rd3 Rb2 51. h3 h5 52. Kf3 g5 53. Ke3 Kf5 54. Nd1 1-0

[Event "GER-chT U20"]
[Site "Muenster"]
[Date "2022.12.27"]
[Round "2"]
[White "Maguire, Kristof"]
[Black "Meyer, Emil"]
[Result "0-1"]
[WhiteElo "1449"]
[BlackElo "1668"]
[PlyCount "97"]
[EventDate "2022.12.26"]
[EventType "team-swiss"]
[EventRounds "7"]
[EventCountry "GER"]
[SourceTitle "CBM 212 Extra"]
[Source "ChessBase"]
[SourceDate "2023.03.31"]
[SourceVersion "1"]
[SourceVersionDate "2023.03.31"]
[SourceQuality "1"]
[WhiteTeam "Regensburg Bavaria"]
[BlackTeam "Muenster"]
[WhiteTeamCountry "GER"]
[BlackTeamCountry "GER"]

1. e4 c5 2. Nf3 Nc6 3. d4 cxd4 4. Nxd4 e5 5. Nxc6 bxc6 6. Nc3 Nf6 7. Be2 Bb4 8. Qd3 0-0 9. 0-0 d5 10. exd5 cxd5 11. a3 Bxc3 12. Qxc3 Bb7 13. f4 Ne4 14. Qb3 Rb8 15. fxe5 Ba6 16. Qf3 Bxe2 17. Qxe2 Qb6+ 18. Kh1 Rbe8 19. Qe3 Rxe5 20. Qxb6 axb6 21. Bf4 Re7 22. Rad1 Rd8 23. Kg1 b5 24. Rd4 g5 25. Bd2 Nxd2 26. Rxd2 h6 27. Rfd1 Re5 28. Rd4 Rd6 29. Rb4 Rc6 30. c3 Rc5 31. Kf2 f5 32. Re1 Re4 33. Rexe4 dxe4 34. Ke3 Re5 35. g3 Kf7 36. a4 bxa4 37. Rxa4 Rb5 38. b4 Rd5 39. c4 Rd3+ 40. Ke2 f4 41. gxf4 gxf4 42. b5 f3+ 43. Kf2 Rd2+ 44. Ke3 Re2+ 45. Kd4 f2 46. b6 f1Q 47. Kc5 Qf5+ 48. Kc6 Qc8+ 49. Kd6 0-1